| 000 | 01074nam a22003137a 4500 | ||
|---|---|---|---|
| 003 | CHAP | ||
| 005 | 20220329135334.0 | ||
| 008 | 971013s1959 r 00010 d | ||
| 010 | _a34651 | ||
| 011 | _a35623 | ||
| 035 | _a39739 | ||
| 040 | _cCHAP | ||
| 082 |
_a633.5 _bM48 |
||
| 111 | 0 | 0 |
_aMesa Andraca, Manuel. _975051 |
| 245 | _aCultivo del henequén | ||
| 260 |
_aMéxico, D.F. : _bInstituto Mexicano de Recursos Naturales Renovables, _c1959 |
||
| 300 |
_a61-91 p. _b: ilus |
||
| 490 |
_aExtracto de los recursos naturales del Sureste y su aprovechamiento _v; v.3 |
||
| 590 |
_aBATCH-UPD _b10 _c20130110 _lUCH01 _h1102 |
||
| 590 |
_aBATCH-UPD _b10 _c20130410 _lUCH01 _h0655 |
||
| 590 |
_aBATCH-UPD _b10 _c20130914 _lUCH01 _h1606 |
||
| 590 |
_aCONVERSION _b10 _c20130109 _lUCH01 _h1319 |
||
| 650 | 1 | 4 |
_aHenequén. _953567 |
| 650 | 1 | 4 |
_aHenequén _xYucatán. _953592 |
| 830 | 0 |
_aExtracto de los recursos naturales del Sureste y su aprovechamiento _v; v.3 _939213 |
|
| 901 | _aBK | ||
| 942 | _cLIBRO | ||
| 949 |
_a633.5 M48 _bBC _cLIBRO _d33724000223590 _eLIBRO _h22682 _i39739 _si |
||
| 999 |
_c34651 _d34651 |
||